<?xml version="1.0" encoding="UTF-8"?>
<record
    xmlns:xsi="http://www.w3.org/2001/XMLSchema-instance"
    xsi:schemaLocation="http://www.loc.gov/MARC21/slim http://www.loc.gov/standards/marcxml/schema/MARC21slim.xsd"
    xmlns="http://www.loc.gov/MARC21/slim">

  <leader>02177nam a22001217a 4500</leader>
  <datafield tag="999" ind1=" " ind2=" ">
    <subfield code="c">67602</subfield>
    <subfield code="d">67599</subfield>
  </datafield>
  <datafield tag="100" ind1=" " ind2=" ">
    <subfield code="a">Ali Raza Bhangwar </subfield>
    <subfield code="a">Supervisor - Dr.  Asim Imdad Wagan</subfield>
  </datafield>
  <datafield tag="245" ind1=" " ind2=" ">
    <subfield code="a">Penetration Testing of Pakistani Websites (ME Theses)</subfield>
  </datafield>
  <datafield tag="260" ind1=" " ind2=" ">
    <subfield code="a">Nawabshah</subfield>
    <subfield code="b">QUEST</subfield>
    <subfield code="c">2012</subfield>
  </datafield>
  <datafield tag="300" ind1=" " ind2=" ">
    <subfield code="a">54p.</subfield>
  </datafield>
  <datafield tag="500" ind1=" " ind2=" ">
    <subfield code="a">ABSTRACT

Penetration testing is one of the hottest research areas regarding securi ty that deals with auditing of websites for various security breaches. Penetration test is carried out by the security professional to audit the websites to identify the security issues that were not addressed by web developers. Several methods have been employed for penetration testing by utilizing various vulnerability scanners to identify security breaches. The results of penetration test can be used to overcome the discovered vulnerabilities to secure any organization from disaster. Same approach can be used by the hackers to identify the security breaches to hack website and cause any organization to lose their valuable assets. Pakjstan is among one of the emerging countries where usage of Internet has drastically increased; most of the organizations from government sectors, education sector, or private sector now rely on websites to provide valuable information to their rapidly increasing visitors. Many of commercial websites in Pakistan are now doing their businesses online. Some recent attacks against Pakistani websites suggest that the developers of these web applications have ignored the security issues and just paid attention towards the development of the eye catching websites. Many of the websites found today are vulnerable to some major attacks such as SQL Injec tion, cross site script. cross site request forgery, cross site tracing, denial of service, and buffer overflow. The goals of this research work is to identify the web vulnerabilities present in Pakistani websites, propose a suitable  solution  to  these  vulnerabilitie s  and  present  the
statistical data of vulnerable websites in graphical form. which is gathered from
educational websites, commercial websites and government  sector websites.

</subfield>
  </datafield>
  <datafield tag="856" ind1=" " ind2=" ">
    <subfield code="u">http://tinyurl.com/3sfdxpjr</subfield>
  </datafield>
  <datafield tag="942" ind1=" " ind2=" ">
    <subfield code="c">THESIS</subfield>
  </datafield>
  <datafield tag="952" ind1=" " ind2=" ">
    <subfield code="0">0</subfield>
    <subfield code="1">0</subfield>
    <subfield code="4">0</subfield>
    <subfield code="7">0</subfield>
    <subfield code="a">RESEARCH</subfield>
    <subfield code="b">RESEARCH</subfield>
    <subfield code="d">2022-09-29</subfield>
    <subfield code="l">0</subfield>
    <subfield code="p">MP/01-07</subfield>
    <subfield code="r">2022-09-29 00:00:00</subfield>
    <subfield code="w">2022-09-29</subfield>
    <subfield code="y">THESIS</subfield>
  </datafield>
</record>
